Culture Générale - Série 591 - Statistiques

Statistiques générales
  • Ce quiz a été pris 450 fois
  • Le résultat moyen est 7 sur 10
Statistiques - réponses
Question Réponse % Correct
Quelle est la capitale de la Grèce ? Athènes
98%
Dans quel pays d'Amérique du Sud se trouve la ville de São Paulo ? Brésil
98%
Quel département français obtient-on en enlevant une lettre au prénom "Yvonne" ? Yonne
95%
Quel empereur français a été exilé sur l'île de Sainte-Hélène ? Napoléon 1er
91%
Quelle chanteuse a été la première gagnante de la Star Academy française ? Jenifer
71%
Quel président élu de la Ve République française est né en Allemagne ? Valéry Giscard d'Estaing
57%
Quelle série télévisée se déroule dans Wisteria Lane ? Desperate Housewives
51%
Quel écrivain a remporté, en 1919, le Prix Goncourt pour son roman : "À l'ombre des jeunes filles en fleurs" ? Marcel Proust
42%
Quel auteur français du XIXe siècle a écrit le roman "Salammbô" ? Gustave Flaubert
34%
Quel animateur présentait le jeu "Un contre 100" sur TF1 ? Benjamin Castaldi
29%
Aucun quiz correspondant
Distribution des résultats
% des personnes avec chaque résultat
Percentile par nombre de réponses
Votre historique - résultats
Vous n’avez pas pris ce quiz